Новые модели банковской деятельности в современной экономике: монография

Bibliographische Detailangaben
Körperschaft: Финансовый университет при Правительстве Российской Федерации
Weitere Verfasser: Лаврушин О. И. (редактор)
Zusammenfassung:К 95-летию Финансового университета при Правительстве Российской Федерации.
Книга посвящена исследовднию направлений развития банковского сектора экономики России. В ней проанализированы причины и факторы, вызывающие необходимость перехода на новые модели развития банковской деятельности. На основе анализа обобщения зарубежного опыта в использовании различных моделей, изучения тенденций в развитии отечественной практики авторы отдают предпочтение клиентоориентированной модели, моделям, обеспечивающим устойчивость развития, повышение качества и снижение цен на банковские продукты, содействующим улучшению качества управления рисками, а также модели, основанной на развитии социальных и этических принципов. Особое внимание уделяется современной практике участия государства и банков в реализации социальных программ, развитию правового и нормативного обеспечения нейтрализации банковских рисков. Для специалистов в области банковского дела, научных и практических работников, занимающихся изучением и регулированием банковской деятельности, аспирантов, магистрантов и студентов экономических и финансовых вузов.
Sprache:Russisch
Veröffentlicht: Москва, КноРус, 2015
Schlagworte:
Format: Buch
KOHA link:https://koha.lib.tpu.ru/cgi-bin/koha/opac-detail.pl?biblionumber=268514

MARC

LEADER 00000nam0a2200000 4500
001 268514
005 20231101234155.0
010 |a 9785406037768 
035 |a (RuTPU)RU\TPU\book\291665 
090 |a 268514 
100 |a 20140904d2015 k y0rusy50 ca 
101 0 |a rus 
102 |a RU 
105 |a a z 011zy 
200 1 |a Новые модели банковской деятельности в современной экономике  |e монография  |f Финансовый университет при Правительстве Российской Федерации ; под ред. О. И. Лаврушина 
210 |a Москва  |c КноРус  |d 2015 
215 |a 167 с.  |c ил. 
300 |a К 95-летию Финансового университета при Правительстве Российской Федерации. 
320 |a Библиогр.: с. 164-167. 
330 |a Книга посвящена исследовднию направлений развития банковского сектора экономики России. В ней проанализированы причины и факторы, вызывающие необходимость перехода на новые модели развития банковской деятельности. На основе анализа обобщения зарубежного опыта в использовании различных моделей, изучения тенденций в развитии отечественной практики авторы отдают предпочтение клиентоориентированной модели, моделям, обеспечивающим устойчивость развития, повышение качества и снижение цен на банковские продукты, содействующим улучшению качества управления рисками, а также модели, основанной на развитии социальных и этических принципов. Особое внимание уделяется современной практике участия государства и банков в реализации социальных программ, развитию правового и нормативного обеспечения нейтрализации банковских рисков. Для специалистов в области банковского дела, научных и практических работников, занимающихся изучением и регулированием банковской деятельности, аспирантов, магистрантов и студентов экономических и финансовых вузов. 
606 1 |a Банковское дело  |2 stltpush  |3 (RuTPU)RU\TPU\subj\69888  |9 84550 
610 1 |a банковская деятельность 
610 1 |a модели 
610 1 |a партнерские отношения 
610 1 |a анализ 
610 1 |a зарубежный опыт 
610 1 |a коммерческие банки 
610 1 |a Россия 
610 1 |a банковские риски 
610 1 |a управление 
610 1 |a монографии 
686 |a У9(2)262.10  |v LBC/SL-A  |2 rubbk 
702 1 |a Лаврушин  |b О. И.  |4 340 
712 0 2 |a Финансовый университет при Правительстве Российской Федерации  |c (Москва)  |c (2010- )  |2 stltpush  |3 (RuTPU)RU\TPU\col\17114  |9 26530 
801 1 |a RU  |b 63413507  |c 20140904 
801 2 |a RU  |b 63413507  |c 20140929  |g RCR 
942 |c BK 
959 |a 124/20140904  |d 1  |e 420,00  |f ЧЗГЛ:1